Central Library OPAC University of Rajshahi

চুপ নিঃশ্বাস তোমার আগুনে ফোটে / (Record no. 39461)

MARC details
000 -LEADER
fixed length control field 00822nam a2200229 a 4500
001 - CONTROL NUMBER
control field 39461
003 - CONTROL NUMBER IDENTIFIER
rucl marc code BD-RjUL
005 - DATE AND TIME OF LATEST TRANSACTION
control field 20211209053009.0
008 - FIXED-LENGTH DATA ELEMENTS--GENERAL INFORMATION
fixed length control field 160411s2003 bg a|||| |||| 00| 0 ben d
020 ## - INTERNATIONAL STANDARD BOOK NUMBER
International Standard Book Number 9843114000
Terms of availability : TK. 400.00
035 ## - SYSTEM CONTROL NUMBER
System control number (BD-RjUL)39574
040 ## - CATALOGING SOURCE
Original cataloging agency BD-RjUL
Language of cataloging ben
Transcribing agency BD-RjUL
041 ## - LANGUAGE CODE
Language code of text/sound track or separate title ben
082 ## - DEWEY DECIMAL CLASSIFICATION NUMBER
Edition number 23
Classification number 891.441
Author mark and year REC 2003
100 ## - MAIN ENTRY--PERSONAL NAME
Personal name রেনু, মমতাজ
9 (RLIN) 121619
245 10 - TITLE STATEMENT
Title চুপ নিঃশ্বাস তোমার আগুনে ফোটে /
Statement of responsibility, etc. মমতাজ রেনু
260 ## - PUBLICATION, DISTRIBUTION, ETC. (IMPRINT)
Place of publication, distribution, etc. ঢাকা :
Name of publisher, distributor, etc. আহছানিয়া বুকস্,
Date of publication, distribution, etc. ২০০৩
300 ## - PHYSICAL DESCRIPTION
Pagination [২৬], ২১৬ পৃ. :
Illustrations চিত্র ;
Size ২৩ সেমি.
650 ## - SUBJECT ADDED ENTRY--TOPICAL TERM
Topical term or geographic name as entry element বাংলা কবিতা
9 (RLIN) 121620
Topical term or geographic name as entry element Bengali Poetry
9 (RLIN) 121621
942 ## - ADDED ENTRY ELEMENTS (KOHA)
Source of classification or shelving scheme Dewey Decimal Classification
Koha item type Books
Holdings
Lost status Source of classification or shelving scheme Damaged status Not for loan Collection code Permanent Location Current Location Shelving location Date acquired Source of acquisition Cost, normal purchase price Total Checkouts Full call number Date last seen Copy number Koha item type
  Dewey Decimal Classification   Not For Loan Non-fiction Central Library, University of Rajshahi Central Library, University of Rajshahi Reading Room 17/09/2013 Writer 400.00   B 891.441 REC 2003 11/04/2016 C-1 Books
  Dewey Decimal Classification     Non-fiction Central Library, University of Rajshahi Central Library, University of Rajshahi   17/09/2013 Writer 400.00   B 891.441 REC 2003 11/04/2016 C-2 Books